[Event "3 Copa Simon Bolivar Libertador"]
[Site "Buenos Aires"]
[Date "2010.06.24"]
[Round "1.1"]
[White "Flores, Diego"]
[Black "Fernandez, Maria Florencia"]
[Result "1-0"]
[WhiteElo "2584"]
[BlackElo "2090"]
[PlyCount "85"]
[EventDate "2010.06.24"]

1. c4 Nf6 2. Nc3 g6 3. d4 Bg7 4. Nf3 O-O 5. Bg5 d6 6. e3 Nbd7 7. Be2 h6 8. Bh4
g5 9. Bg3 c6 10. Qc2 Qa5 11. a3 c5 12. O-O Qd8 13. Rfd1 a5 14. Rab1 b6 15. b4
axb4 16. axb4 Re8 17. d5 Nf8 18. Nd2 Ng6 19. Bd3 Nf8 20. f3 Nh5 21. Bf2 Nd7 22.
Nf1 Ne5 23. Be2 Ra3 24. Nb5 Ra8 25. Be1 Nf6 26. Bc3 Nfd7 27. Ng3 Nf8 28. bxc5
bxc5 29. Qb2 Nfg6 30. Nh5 f6 31. Qc2 Nf8 32. f4 Nf7 33. h4 Qd7 34. hxg5 hxg5
35. Rf1 Qd8 36. Nxg7 Kxg7 37. Bh5 g4 38. e4 e5 39. dxe6 Bxe6 40. e5 f5 41.
exd6+ Kg8 42. Bb2 Qh4 43. Qc3 1-0

[Event "3 Copa Simon Bolivar Libertador"]
[Site "Buenos Aires"]
[Date "2010.06.24"]
[Round "1.2"]
[White "Ipolitti, Horacio Alberto"]
[Black "Mareco, Sandro"]
[Result "0-1"]
[WhiteElo "2090"]
[BlackElo "2535"]
[PlyCount "88"]
[EventDate "2010.06.24"]

1. d4 Nf6 2. Nc3 d5 3. Bg5 Nbd7 4. Qd3 c6 5. e4 dxe4 6. Nxe4 e6 7. Nf3 Be7 8.
h4 Nxe4 9. Qxe4 Nf6 10. Bxf6 Bxf6 11. O-O-O Qd5 12. Qxd5 exd5 13. Re1+ Kf8 14.
Bd3 Bg4 15. Ne5 Be6 16. f4 Re8 17. f5 Bc8 18. Nf3 Rxe1+ 19. Rxe1 g6 20. g4 gxf5
21. g5 Be7 22. Rg1 h6 23. g6 Rg8 24. h5 fxg6 25. hxg6 Kg7 26. Kd2 Rf8 27. Ke3
Bd7 28. Ne5 Be8 29. c4 Bg5+ 30. Kf3 dxc4 31. Bxc4 Bxg6 32. Nxg6 Kxg6 33. d5
cxd5 34. Bxd5 b6 35. Rd1 Re8 36. Bc6 Re3+ 37. Kf2 Re5 38. b4 Be7 39. b5 Bc5+
40. Kf3 Kg5 41. Rd3 h5 42. Rc3 Re1 43. Rd3 h4 44. Kg2 Re2+ 0-1

[Event "3 Copa Simon Bolivar Libertador"]
[Site "Buenos Aires"]
[Date "2010.06.24"]
[Round "1.4"]
[White "Cabrera Pando, Ramiro Eugneio"]
[Black "Perez Ponsa, Federico"]
[Result "0-1"]
[WhiteElo "2078"]
[BlackElo "2463"]
[PlyCount "63"]
[EventDate "2010.06.24"]

1. d4 Nf6 2. c4 g6 3. Nc3 Bg7 4. e4 d6 5. Nf3 O-O 6. Be2 e5 7. Be3 Na6 8. O-O
Ng4 9. Bg5 Qe8 10. Rb1 c6 11. dxe5 dxe5 12. h3 f6 13. Bd2 Nh6 14. b4 Nc7 15. b5
Ne6 16. bxc6 bxc6 17. Qc1 Nf7 18. Na4 Kh8 19. Qa3 Bd7 20. Rfd1 f5 21. exf5 gxf5
22. Nc5 e4 23. Ne1 Bc8 24. Nc2 Nfg5 25. Nb7 f4 26. Nd6 Qg6 27. Bg4 h5 28. Nxc8
Raxc8 29. Bxe6 Nxe6 30. Bc3 Rg8 31. Rb7 e3 32. Rdd7 0-1

[Event "3 Copa Simon Bolivar Libertador"]
[Site "Buenos Aires"]
[Date "2010.06.24"]
[Round "1.5"]
[White "Iermito, Sebastian"]
[Black "Uelf, Maximiliano"]
[Result "1/2-1/2"]
[WhiteElo "2457"]
[BlackElo "2077"]
[PlyCount "98"]
[EventDate "2010.06.24"]

1. e4 c6 2. d3 d5 3. Nd2 dxe4 4. dxe4 Nf6 5. Ngf3 Bg4 6. Bc4 e6 7. O-O Nbd7 8.
Qe2 Qc7 9. Re1 Bc5 10. e5 Bxf3 11. gxf3 Nd5 12. Bxd5 cxd5 13. c4 dxc4 14. Nxc4
O-O 15. Bf4 b5 16. Nd6 Qb8 17. Rad1 Bxd6 18. Rxd6 Qb7 19. Qe4 Qxe4 20. fxe4 Nb6
21. b3 h6 22. Be3 Rfc8 23. Re2 Rab8 24. Kg2 Rb7 25. Red2 Rcc7 26. f4 Nd7 27.
Kf3 g5 28. Bd4 gxf4 29. Kxf4 Nf8 30. Bb2 Kg7 31. Ke3 Rb8 32. Ra6 Ng6 33. Rad6
Nf8 34. R6d3 Rbc8 35. Ba3 Ng6 36. Bb2 h5 37. Rd4 Nf8 38. Rb4 Rb7 39. a4 a5 40.
Rxb5 Rxb5 41. axb5 Rb8 42. Bc3 Rxb5 43. Kd4 Rxb3 44. Bxa5 Rb7 45. Ke3 Rd7 46.
Rg2+ Ng6 47. Bc3 Kh7 48. Rf2 Kg7 49. Rg2 Kh7 1/2-1/2

[Event "3 Copa Simon Bolivar Libertador"]
[Site "Buenos Aires"]
[Date "2010.06.24"]
[Round "1.6"]
[White "Piñeiro, Dario"]
[Black "Slipak, Sergio"]
[Result "0-1"]
[WhiteElo "2076"]
[BlackElo "2440"]
[PlyCount "64"]
[EventDate "2010.06.24"]

1. e4 e5 2. Nf3 Nc6 3. Bb5 a6 4. Ba4 Nf6 5. Qe2 Be7 6. c3 b5 7. Bb3 O-O 8. O-O
d5 9. d3 Re8 10. a3 h6 11. Re1 Bf8 12. Nbd2 Bb7 13. Ba2 d4 14. Nf1 Qd7 15. Ng3
g6 16. h3 Rad8 17. Rd1 Kh7 18. cxd4 Nxd4 19. Nxd4 exd4 20. f4 c5 21. Qf2 Rc8
22. e5 Nd5 23. Ne4 Be7 24. Bd2 f5 25. exf6 Nxf6 26. Ng3 c4 27. f5 g5 28. h4
gxh4 29. Qf4 hxg3 30. Qxh6+ Kg8 31. Rf1 Bf8 32. Qxf6 Re2 0-1

[Event "3 Copa Simon Bolivar Libertador"]
[Site "Buenos Aires"]
[Date "2010.06.24"]
[Round "1.7"]
[White "Goldwaser, Christian"]
[Black "Fiori, Hector"]
[Result "1-0"]
[WhiteElo "2432"]
[BlackElo "2072"]
[PlyCount "69"]
[EventDate "2010.06.24"]

1. Nf3 Nf6 2. c4 g6 3. d4 Bg7 4. g3 O-O 5. Bg2 d6 6. O-O c5 7. dxc5 dxc5 8. Ne5
Nfd7 9. Nd3 Nc6 10. Nc3 Nce5 11. Nxe5 Nxe5 12. Qb3 Qd4 13. Nd5 Qxc4 14. Nxe7+
Kh8 15. f4 Qxb3 16. axb3 Ng4 17. Nxc8 Raxc8 18. Bh3 h5 19. Bxg4 hxg4 20. Rxa7
c4 21. Rxb7 cxb3 22. Rxb3 Rc2 23. Kf2 Bd4+ 24. Be3 Bxe3+ 25. Rxe3 Rxb2 26. f5
Rb5 27. fxg6 fxg6+ 28. Kg2 Rxf1 29. Kxf1 Kg7 30. Re4 Rb1+ 31. Kg2 Re1 32. Kf2
Rh1 33. Rxg4 Rxh2+ 34. Kf3 Kf6 35. Rh4 1-0

[Event "3 Copa Simon Bolivar Libertador"]
[Site "Buenos Aires"]
[Date "2010.06.24"]
[Round "1.8"]
[White "Radoszta, Armando Esteban"]
[Black "Saldaño Dayer, Horacio"]
[Result "0-1"]
[WhiteElo "2066"]
[BlackElo "2432"]
[PlyCount "60"]
[EventDate "2010.06.24"]

1. d4 Nf6 2. c4 g6 3. Nc3 Bg7 4. e4 d6 5. f3 O-O 6. Be3 c6 7. Bd3 a6 8. a4 a5
9. Nge2 Na6 10. Rc1 e5 11. O-O Nh5 12. Qd2 f5 13. exf5 gxf5 14. dxe5 dxe5 15.
Rfd1 Qe7 16. Ng3 Nxg3 17. hxg3 Be6 18. Bf1 Qf7 19. b3 Qg6 20. Ne2 Nb4 21. Qd6
Rf7 22. Qc5 f4 23. gxf4 Nd3 24. Rxd3 Qxd3 25. fxe5 Qxb3 26. Bf2 Qb2 27. Bd4 Qb4
28. f4 Bf8 29. Qb6 Bg4 30. g3 c5 0-1

[Event "3 Copa Simon Bolivar Libertador"]
[Site "Buenos Aires"]
[Date "2010.06.24"]
[Round "1.9"]
[White "Pierrot, Facundo"]
[Black "Heinecke, Lucas"]
[Result "1-0"]
[WhiteElo "2431"]
[BlackElo "2046"]
[PlyCount "43"]
[EventDate "2010.06.24"]

1. e4 c5 2. Nf3 d6 3. d4 cxd4 4. Nxd4 Nf6 5. Nc3 g6 6. Be3 Bg7 7. f3 Nc6 8. Qd2
O-O 9. O-O-O d5 10. exd5 Nxd5 11. Nxc6 bxc6 12. Bd4 e5 13. Bc5 Be6 14. Ne4 Rb8
15. h4 f5 16. Ng5 e4 17. Bd4 e3 18. Qd3 Bxd4 19. Qxd4 Qf6 20. Bc4 Rb4 21. Nxe6
Qxe6 22. Bxd5 1-0

[Event "3 Copa Simon Bolivar Libertador"]
[Site "Buenos Aires"]
[Date "2010.06.24"]
[Round "1.10"]
[White "Lida Garcia, Fernando"]
[Black "Liascovich, Lucas"]
[Result "0-1"]
[WhiteElo "2045"]
[BlackElo "2427"]
[PlyCount "74"]
[EventDate "2010.06.24"]

1. c4 e5 2. g3 Nf6 3. Nc3 c6 4. Nf3 e4 5. Nd4 d5 6. cxd5 Qb6 7. e3 cxd5 8. Bg2
Nc6 9. Qa4 Bc5 10. Nb3 Be7 11. O-O O-O 12. Qb5 Qd8 13. f3 a6 14. Qe2 exf3 15.
Bxf3 Bh3 16. Bg2 Bxg2 17. Kxg2 Re8 18. d4 Bb4 19. Qd3 Qe7 20. Rxf6 Qxf6 21.
Nxd5 Qd8 22. e4 Rc8 23. Qf3 a5 24. Be3 a4 25. Nc1 Qa5 26. Nd3 Bd2 27. Bf2 Bh6
28. Qg4 Kh8 29. Rd1 Rcd8 30. Nc5 f5 31. Qxf5 Rf8 32. Qe6 Qb5 33. Nd3 Qc4 34.
N5f4 Qc2 35. Rc1 Qd2 36. Rxc6 bxc6 37. Nc5 Bxf4 0-1

[Event "3 Copa Simon Bolivar Libertador"]
[Site "Buenos Aires"]
[Date "2010.06.25"]
[Round "2.1"]
[White "Espinoza Palomino, William"]
[Black "Flores, Diego"]
[Result "1/2-1/2"]
[WhiteElo "2286"]
[BlackElo "2584"]
[PlyCount "51"]
[EventDate "2010.06.24"]

1. e4 c5 2. Nf3 e6 3. d4 cxd4 4. Nxd4 a6 5. Bd3 Bc5 6. Nb3 Be7 7. c4 d6 8. Nc3
Nf6 9. O-O O-O 10. f4 Nc6 11. Be3 b6 12. Qf3 Bb7 13. Rae1 Qc7 14. Bb1 Nd7 15.
Qh3 Nc5 16. e5 g6 17. exd6 Bxd6 18. Nxc5 Bxc5 19. Bxc5 bxc5 20. Ne4 Nd4 21.
Nf6+ Kg7 22. f5 exf5 23. Bxf5 h6 24. Be4 Bxe4 25. Rxe4 Rad8 26. Nd5 1/2-1/2

[Event "3 Copa Simon Bolivar Libertador"]
[Site "Buenos Aires"]
[Date "2010.06.25"]
[Round "2.2"]
[White "Mareco, Sandro"]
[Black "Spata, German"]
[Result "1-0"]
[WhiteElo "2535"]
[BlackElo "2286"]
[PlyCount "97"]
[EventDate "2010.06.24"]

1. d4 e6 2. c4 d5 3. Nf3 c6 4. e3 f5 5. Bd3 Bd6 6. b3 Nd7 7. O-O Ngf6 8. Ba3
Bxa3 9. Nxa3 O-O 10. cxd5 cxd5 11. Rc1 a6 12. Qc2 Nb8 13. Qb2 Nc6 14. Nb1 Ne4
15. Ne5 Bd7 16. a3 Rc8 17. b4 Nxe5 18. dxe5 Qb6 19. Qd4 Qxd4 20. exd4 Rxc1 21.
Rxc1 Rc8 22. Rxc8+ Bxc8 23. f3 Ng5 24. Kf2 Nf7 25. Nc3 Bd7 26. a4 Nd8 27. b5
axb5 28. axb5 Kf7 29. h4 Ke7 30. Ke3 Be8 31. g4 g6 32. Na4 Kd7 33. Kf4 h6 34.
Kg3 fxg4 35. Kxg4 Ke7 36. f4 h5+ 37. Kf3 Kd7 38. Ke3 Bf7 39. Kd2 Kc7 40. b6+
Kd7 41. Bb5+ Ke7 42. Kc3 Bg8 43. Kb4 Bf7 44. Nc5 Be8 45. Bxe8 Kxe8 46. Kb5 Nc6
47. Nxb7 Nxd4+ 48. Ka6 Kd7 49. Na5 1-0

[Event "3 Copa Simon Bolivar Libertador"]
[Site "Buenos Aires"]
[Date "2010.06.25"]
[Round "2.4"]
[White "Perez Ponsa, Federico"]
[Black "Stewart, William Jhon"]
[Result "1-0"]
[WhiteElo "2463"]
[BlackElo "2250"]
[PlyCount "51"]
[EventDate "2010.06.24"]

1. e4 c5 2. Nc3 Nc6 3. Nf3 e5 4. Bc4 g6 5. d3 h6 6. Nd2 Nf6 7. Nf1 d6 8. Ne3
Nd4 9. O-O Bg7 10. f4 exf4 11. Rxf4 O-O 12. a4 Nh5 13. Rf2 Qh4 14. Ncd5 Be5 15.
Nf1 Kg7 16. c3 Ne6 17. Be3 f5 18. g3 Qh3 19. d4 f4 20. dxe5 dxe5 21. gxf4 exf4
22. Bxc5 Rf7 23. Bd6 g5 24. Be2 Kg6 25. Bxh5+ Qxh5 26. Ne7+ 1-0

[Event "3 Copa Simon Bolivar Libertador"]
[Site "Buenos Aires"]
[Date "2010.06.25"]
[Round "2.5"]
[White "Slipak, Sergio"]
[Black "Languidey, Simon Alejandro"]
[Result "1-0"]
[WhiteElo "2440"]
[BlackElo "2243"]
[PlyCount "105"]
[EventDate "2010.06.24"]

1. d4 d5 2. c4 c6 3. Nf3 Nf6 4. Nc3 e6 5. Bg5 Be7 6. e3 Nbd7 7. Qc2 O-O 8. Rd1
b6 9. Bd3 Bb7 10. O-O Rc8 11. Ne5 Nxe5 12. dxe5 Nd7 13. Bxh7+ Kh8 14. Bf4 Qc7
15. cxd5 cxd5 16. Bd3 Nxe5 17. Qe2 f5 18. Nb5 Qb8 19. Nxa7 Qxa7 20. Bxe5 Bf6
21. Bxf6 Rxf6 22. a3 Qb8 23. f4 Rd8 24. Rf3 Qd6 25. Rg3 Rh6 26. Qf2 Rc8 27. Rg5
Rc5 28. Qg3 Qc7 29. Rg6 Rxg6 30. Qxg6 Rc1 31. Kf2 Rxd1 32. Qe8+ Kh7 33. Qh5+
Kg8 34. Qxd1 d4 35. Qd2 Qc5 36. Bf1 dxe3+ 37. Qxe3 Qc6 38. Kg1 Kf7 39. h3 Qc7
40. a4 Bd5 41. b4 Qc6 42. a5 bxa5 43. bxa5 Qa4 44. a6 Qa2 45. a7 Kf6 46. Kh2
Kf7 47. Kg3 Qa4 48. Be2 Qc6 49. Bf3 Qa4 50. Bxd5 exd5 51. Qc5 Kg6 52. Qd6+ Kh7
53. Qb8 1-0

[Event "3 Copa Simon Bolivar Libertador"]
[Site "Buenos Aires"]
[Date "2010.06.25"]
[Round "2.6"]
[White "Krysa, Leandro Sergio"]
[Black "Goldwaser, Christian"]
[Result "1/2-1/2"]
[WhiteElo "2244"]
[BlackElo "2432"]
[PlyCount "108"]
[EventDate "2010.06.24"]

1. d4 d5 2. c4 c6 3. Nc3 Nf6 4. Nf3 dxc4 5. a4 Bf5 6. Ne5 Nbd7 7. Nxc4 Qc7 8.
g3 e5 9. dxe5 Nxe5 10. Bf4 Nfd7 11. Bg2 O-O-O 12. Nxe5 Nxe5 13. Qb3 Bd6 14. O-O
Qb6 15. Nb5 cxb5 16. Be3 Be6 17. Bh3 Bc5 18. Bxc5 Qxc5 19. Bxe6+ Kb8 20. Bxf7
Rhf8 21. Be6 bxa4 22. Rxa4 Rd2 23. Re4 Nc6 24. Qc3 Qxc3 25. bxc3 Rfd8 26. e3
Rc2 27. c4 Nb4 28. Rd4 Rxd4 29. exd4 Rd2 30. Rb1 a5 31. Ra1 Ra2 32. Rb1 Rd2 33.
Ra1 Ra2 34. Rb1 Re2 35. Bg8 h6 36. c5 Kc7 37. Rc1 b6 38. cxb6+ Kxb6 39. Rd1 a4
40. Ra1 Kb5 41. Rc1 Rc2 42. Ra1 Nd3 43. Be6 Rc1+ 44. Rxc1 Nxc1 45. Bd7+ Kb4 46.
Bxa4 Kxa4 47. Kg2 Kb5 48. Kf3 Nd3 49. Ke4 Nxf2+ 50. Kf5 g5 51. h4 gxh4 52. gxh4
Kc4 53. Kg6 Kxd4 54. Kxh6 Ke5 1/2-1/2

[Event "3 Copa Simon Bolivar Libertador"]
[Site "Buenos Aires"]
[Date "2010.06.25"]
[Round "2.7"]
[White "Saldaño Dayer, Horacio"]
[Black "Filion, Charles"]
[Result "1-0"]
[WhiteElo "2432"]
[BlackElo "2228"]
[PlyCount "71"]
[EventDate "2010.06.24"]

1. e4 c5 2. Nf3 d6 3. d4 cxd4 4. Qxd4 Bd7 5. c4 Nc6 6. Qd2 Nf6 7. Nc3 g6 8. b3
Bg7 9. Bb2 O-O 10. Be2 a6 11. Rb1 Rb8 12. a4 Bg4 13. O-O Nd7 14. h3 Bxf3 15.
Bxf3 Nd4 16. Bd1 b5 17. Nd5 e5 18. cxb5 axb5 19. b4 bxa4 20. Bxa4 Nb6 21. Bxd4
Nxd5 22. Bxe5 Bxe5 23. Qxd5 Qh4 24. Bc6 g5 25. b5 g4 26. Rb3 Kh8 27. Bd7 Rg8
28. Bf5 Rg7 29. b6 Rbg8 30. Kh1 Qg5 31. hxg4 Rg6 32. Rh3 Rh6 33. Qxf7 Rxh3+ 34.
gxh3 Rg7 35. Qe8+ Rg8 36. Qd7 1-0

[Event "3 Copa Simon Bolivar Libertador"]
[Site "Buenos Aires"]
[Date "2010.06.25"]
[Round "2.8"]
[White "Virgilito, Cristian"]
[Black "Pierrot, Facundo"]
[Result "0-1"]
[WhiteElo "2238"]
[BlackElo "2431"]
[PlyCount "146"]
[EventDate "2010.06.24"]

1. e4 c5 2. Nf3 e6 3. c4 d6 4. d4 cxd4 5. Nxd4 Nf6 6. Nc3 Be7 7. Be2 O-O 8. O-O
a6 9. Be3 Qc7 10. f4 Nc6 11. Kh1 Nxd4 12. Bxd4 b6 13. Rc1 Bb7 14. Bf3 Nd7 15.
Qe1 Rac8 16. b3 Rfd8 17. Qg3 Bf6 18. e5 dxe5 19. fxe5 Bxf3 20. exf6 Qxg3 21.
hxg3 Bc6 22. fxg7 e5 23. Be3 Kxg7 24. Nd5 Bxd5 25. cxd5 Rxc1 26. Rxc1 Nf6 27.
Bxb6 Rxd5 28. Kg1 Rd2 29. Rc4 Rxa2 30. Bc7 Nd7 31. Rc6 f6 32. b4 Kf7 33. Bd8 f5
34. Rd6 Ke8 35. Bg5 Ra4 36. Re6+ Kf7 37. Rd6 Nf8 38. Rf6+ Kg7 39. Rxf5 Nd7 40.
Be7 Ra1+ 41. Kf2 Kg6 42. g4 Rc1 43. Rf3 Rc6 44. Rd3 Nb6 45. Bc5 Nc4 46. Rd8 Re6
47. Ke2 e4 48. Rd4 Na3 49. Rd6 Rxd6 50. Bxd6 Kg5 51. Bc7 Nc4 52. Bb8 Kxg4 53.
Bc7 Kf5 54. Bg3 Ke6 55. Bf2 Kd5 56. Bh4 Nd6 57. Be7 Nf5 58. Bg5 Nd4+ 59. Kd2
Ne6 60. Bh6 Kd4 61. Ke2 Ke5 62. Ke3 Kf5 63. Kf2 Nd4 64. Bg7 Nc2 65. Bf8 Ke5 66.
Ke2 Nd4+ 67. Kd2 Nf5 68. Ke2 Kf4 69. Bc5 h5 70. Bb6 e3 71. Bd8 Ke4 72. Bb6 Nd4+
73. Kf1 Kd3 0-1

[Event "3 Copa Simon Bolivar Libertador"]
[Site "Buenos Aires"]
[Date "2010.06.25"]
[Round "2.9"]
[White "Liascovich, Lucas"]
[Black "Bianchi, Lucas"]
[Result "1-0"]
[WhiteElo "2427"]
[BlackElo "2204"]
[PlyCount "55"]
[EventDate "2010.06.24"]

1. d4 Nf6 2. c4 g6 3. Nc3 Bg7 4. e4 O-O 5. f4 d6 6. Nf3 c5 7. d5 e6 8. dxe6
fxe6 9. Bd3 Nc6 10. O-O Nd4 11. Ng5 h6 12. e5 hxg5 13. exf6 Rxf6 14. Ne4 Rf8
15. Nxg5 Nf5 16. Qf3 Bd4+ 17. Kh1 Kg7 18. Bd2 Qf6 19. Rae1 Rb8 20. Bxf5 Qxf5
21. Bc3 Bd7 22. Bxd4+ cxd4 23. Qa3 Qc5 24. Qh3 Rh8 25. Nxe6+ Bxe6 26. Qxe6 Rbf8
27. b4 Qc7 28. Qd5 1-0

[Event "3 Copa Simon Bolivar Libertador"]
[Site "Buenos Aires"]
[Date "2010.06.25"]
[Round "2.10"]
[White "Pichot, Alan"]
[Black "Real de Azua, Ernesto"]
[Result "0-1"]
[WhiteElo "2206"]
[BlackElo "2420"]
[PlyCount "70"]
[EventDate "2010.06.24"]

1. e4 c6 2. d4 d5 3. exd5 cxd5 4. Bd3 Nc6 5. c3 Qc7 6. Ne2 Bg4 7. f3 Bd7 8. Bf4
e5 9. dxe5 Nxe5 10. O-O Bd6 11. Na3 a6 12. Nc2 Ne7 13. Ned4 f6 14. Ne3 g5 15.
Bg3 h5 16. Bf5 O-O-O 17. Qb3 Nxf5 18. Nexf5 Bc5 19. Ne3 h4 20. Bf2 h3 21. Nxd5
Qd6 22. Rfd1 hxg2 23. Bg3 Nxf3+ 24. Kxg2 Rxh2+ 25. Bxh2 Qxh2+ 26. Kxf3 Re8 27.
Nxf6 Qh3+ 28. Kf2 Qh2+ 29. Kf3 g4+ 30. Nxg4 Qh3+ 31. Kf2 Qh4+ 32. Kf1 Bxg4 33.
Qd5 Rf8+ 34. Kg1 Qf2+ 35. Kh1 Rh8+ 0-1

[Event "3 Copa Simon Bolivar Libertador"]
[Site "Buenos Aires"]
[Date "2010.06.27"]
[Round "3.1"]
[White "Della Morte, German"]
[Black "Mareco, Sandro"]
[Result "0-1"]
[WhiteElo "2351"]
[BlackElo "2535"]
[PlyCount "50"]
[EventDate "2010.06.27"]

1. e4 c5 2. Nc3 d6 3. f4 e6 4. Nf3 Nf6 5. d4 cxd4 6. Qxd4 Nc6 7. Bb5 Bd7 8.
Bxc6 Bxc6 9. Be3 Be7 10. O-O-O O-O 11. Kb1 b5 12. e5 dxe5 13. Nxe5 Qc7 14. Bc1
Bxg2 15. Rhg1 Bc5 16. Qd3 Bxg1 17. Rxg1 b4 18. Rxg2 bxc3 19. b3 Qb7 20. Qg3 g6
21. Qg5 Ne4 22. Qg4 Rad8 23. h4 Nd2+ 24. Ka1 Qe4 25. Nd3 Rxd3 0-1

[Event "3 Copa Simon Bolivar Libertador"]
[Site "Buenos Aires"]
[Date "2010.06.27"]
[Round "3.3"]
[White "Mela, Benjamin"]
[Black "Perez Ponsa, Federico"]
[Result "0-1"]
[WhiteElo "2343"]
[BlackElo "2463"]
[PlyCount "71"]
[EventDate "2010.06.27"]

1. e4 c5 2. Nf3 d6 3. d4 cxd4 4. Nxd4 Nf6 5. Nc3 a6 6. f3 e5 7. Nb3 Be6 8. Be3
Be7 9. g4 d5 10. g5 d4 11. gxf6 Bxf6 12. Bf2 dxc3 13. Qxd8+ Bxd8 14. bxc3 Nd7
15. O-O-O Rc8 16. Kb2 Rc6 17. h4 Bb6 18. Bg3 Ke7 19. Rxd7+ Bxd7 20. Bxe5 f6 21.
Bd4 Be6 22. Bh3 Bxb3 23. axb3 Rd8 24. Bxb6 Rxb6 25. Rg1 g6 26. h5 g5 27. h6
Rbd6 28. Ra1 Rd1 29. Ra5 Rh1 30. Bf5 Rxh6 31. Rc5 Kd6 32. b4 Rh1 33. Bc8 b6 34.
Rc4 h5 35. Bb7 Ke5 36. Rc7 0-1

[Event "3 Copa Simon Bolivar Libertador"]
[Site "Buenos Aires"]
[Date "2010.06.27"]
[Round "3.4"]
[White "Quiroga, Facundo"]
[Black "Slipak, Sergio"]
[Result "0-1"]
[WhiteElo "2326"]
[BlackElo "2440"]
[PlyCount "103"]
[EventDate "2010.06.27"]

1. d4 Nf6 2. c4 e6 3. Nc3 d5 4. Bg5 Nbd7 5. e3 Be7 6. Nf3 O-O 7. Rc1 c6 8. cxd5
exd5 9. Bd3 Ne4 10. Bxe4 Bxg5 11. h4 Be7 12. Bd3 Nf6 13. Ne5 Bd6 14. Be2 Qb6
15. Qb3 Bxe5 16. Qxb6 axb6 17. dxe5 Nd7 18. f4 Re8 19. Kf2 f6 20. exf6 Nxf6 21.
Bf3 h5 22. Rhd1 Bf5 23. a3 b5 24. Rd4 Re7 25. Ne2 Rae8 26. Ng3 g6 27. Rc3 Kf7
28. a4 bxa4 29. Rxa4 Bg4 30. Ra7 Rd8 31. Ne2 Bxf3 32. gxf3 Ne8 33. Nd4 Nd6 34.
b3 Kf6 35. Ra1 Nf5 36. Nxf5 gxf5 37. Rd3 Rg7 38. Re1 Rdg8 39. e4 Rg2+ 40. Kf1
Rg1+ 41. Ke2 R8g2+ 42. Kd1 Rxe1+ 43. Kxe1 fxe4 44. fxe4 dxe4 45. Rd7 Kf5 46.
Rf7+ Ke6 47. Rxb7 Rg4 48. Rc7 Kd6 49. Rf7 Rxh4 50. f5 Ke5 51. Rc7 Kxf5 52. Rxc6
0-1

[Event "3 Copa Simon Bolivar Libertador"]
[Site "Buenos Aires"]
[Date "2010.06.27"]
[Round "3.5"]
[White "Lujan, Carolina"]
[Black "Saldaño Dayer, Horacio"]
[Result "1/2-1/2"]
[WhiteElo "2296"]
[BlackElo "2432"]
[PlyCount "60"]
[EventDate "2010.06.27"]

1. e4 d6 2. d4 Nf6 3. Nc3 e5 4. Nf3 Nbd7 5. Bc4 Be7 6. O-O O-O 7. h3 c6 8. a4
a5 9. b3 exd4 10. Nxd4 Nb6 11. Bd3 d5 12. e5 Nfd7 13. Nf5 Nxe5 14. Nxe7+ Qxe7
15. Re1 Qf6 16. Bxh7+ Kxh7 17. Qh5+ Kg8 18. Qxe5 Qxe5 19. Rxe5 f6 20. Re1 Bf5
21. Be3 Nd7 22. Rac1 Rfe8 23. Red1 Nb8 24. Ne2 Na6 25. c3 Be6 26. Nd4 Bd7 27.
Rb1 Nc7 28. Bf4 Na6 29. Be3 Re4 30. b4 axb4 1/2-1/2

[Event "3 Copa Simon Bolibar Libertador"]
[Site "Buenos Aires"]
[Date "2010.06.27"]
[Round "3.6"]
[White "Real de Azua, Ernesto"]
[Black "Perelman, Hernan"]
[Result "1/2-1/2"]
[WhiteElo "2420"]
[BlackElo "2326"]
[PlyCount "40"]
[EventDate "2010.06.27"]

1. d4 d5 2. c4 e6 3. Nc3 Nf6 4. cxd5 exd5 5. Bg5 Be7 6. e3 c6 7. Bd3 Nbd7 8.
Qc2 Nh5 9. Bxe7 Qxe7 10. Nge2 Nb6 11. h3 Be6 12. g4 Nf6 13. O-O-O O-O-O 14. Ng3
Kb8 15. Kb1 h6 16. Nce2 Ne8 17. Nf4 Nd6 18. Ka1 Rde8 19. Rde1 g6 20. f3 Qc7
1/2-1/2

[Event "3 Copa Simon Bolivar Libertador"]
[Site "Buenos Aires"]
[Date "2010.06.27"]
[Round "3.7"]
[White "de Dovitiis, Alejo"]
[Black "Quenallata, Luciano"]
[Result "1-0"]
[WhiteElo "2361"]
[BlackElo "2197"]
[PlyCount "51"]
[EventDate "2010.06.27"]

1. d4 e6 2. Nf3 Nf6 3. Bg5 Be7 4. Nbd2 d5 5. e3 O-O 6. Bd3 Nbd7 7. O-O c5 8. c3
b6 9. Qb1 Bb7 10. Ne5 h6 11. Bxf6 Bxf6 12. f4 Bxe5 13. fxe5 f6 14. exf6 Rxf6
15. Nf3 Qe7 16. Bb5 Nf8 17. Ne5 a6 18. Bd3 Rxf1+ 19. Qxf1 Nd7 20. Nxd7 Qxd7 21.
Qf4 Qe7 22. Rf1 Bc6 23. Rf3 a5 24. Rg3 Kh8 25. Qe5 Rf8 26. Rg6 1-0

[Event "3 Copa Simon Bolivar Libertador"]
[Site "Buenos Aires"]
[Date "2010.06.27"]
[Round "3.8"]
[White "Paveto, Kevin"]
[Black "Giardelli, Sergio Carlos"]
[Result "1-0"]
[WhiteElo "2206"]
[BlackElo "2361"]
[PlyCount "101"]
[EventDate "2010.06.27"]

1. e4 c5 2. Nf3 e6 3. d4 cxd4 4. Nxd4 a6 5. Nc3 Qc7 6. Bd3 Nf6 7. O-O Nc6 8.
Nxc6 bxc6 9. Qe2 e5 10. Be3 Be7 11. Na4 Rb8 12. c4 d6 13. Rac1 O-O 14. f3 Qb7
15. b3 a5 16. c5 d5 17. Bd2 dxe4 18. fxe4 Qa7 19. h3 Be6 20. Rf3 Rfd8 21. Kh2
Rb7 22. Rc2 Nd7 23. Ba6 Rb4 24. Bxb4 axb4 25. Bc4 Nf8 26. Qf1 Bg5 27. Rcf2 Bf6
28. Bxe6 Nxe6 29. Qe1 Rd4 30. Rxf6 gxf6 31. Rxf6 Qe7 32. Qg3+ Kf8 33. Qxe5 Rd8
34. Rf4 Ng7 35. Qxe7+ Kxe7 36. e5 Rd2 37. Rxb4 Nf5 38. Nc3 Rc2 39. Ne4 Ke6 40.
Ng5+ Kxe5 41. Nxf7+ Kd5 42. Rg4 Rxa2 43. Rg5 Ke6 44. Nd8+ Kf6 45. Rg4 h5 46.
Rf4 Ke5 47. Ra4 Rd2 48. Nxc6+ Kd5 49. Nb4+ Ke5 50. c6 Nd4 51. c7 1-0

[Event "3 Copa Simon Bolivar Libertador"]
[Site "Buenos Aires"]
[Date "2010.06.27"]
[Round "3.9"]
[White "Flores, Diego"]
[Black "Gimenez, Santiago"]
[Result "1-0"]
[WhiteElo "2584"]
[BlackElo "2204"]
[PlyCount "55"]
[EventDate "2010.06.27"]

1. c4 Nf6 2. Nc3 g6 3. d4 Bg7 4. e4 d6 5. Be2 O-O 6. Nf3 e5 7. d5 a5 8. Bg5 h6
9. Bh4 Na6 10. Nd2 Qe8 11. a3 Bd7 12. b3 Nh7 13. Rb1 h5 14. f3 Bf6 15. Bf2 h4
16. b4 axb4 17. axb4 Qe7 18. O-O Bg5 19. c5 dxc5 20. b5 Nb4 21. Nc4 Bf4 22. b6
Na2 23. Nxa2 Rxa2 24. bxc7 Ba4 25. d6 Qg5 26. Qe1 b5 27. Bxh4 Rxe2 28. Bxg5 1-0

[Event "3 Copa Simon Bolivar Libertador"]
[Site "Buenos Aires"]
[Date "2010.06.27"]
[Round "3.10"]
[White "Iermito, Sebastian"]
[Black "Tokman, Ariel"]
[Result "1/2-1/2"]
[WhiteElo "2457"]
[BlackElo "2183"]
[PlyCount "142"]
[EventDate "2010.06.27"]

1. e4 c5 2. Nf3 e6 3. d4 cxd4 4. Nxd4 a6 5. Bd3 Qc7 6. O-O g6 7. c3 Bg7 8. Bg5
Nf6 9. f4 d6 10. Nd2 O-O 11. f5 Nc6 12. fxg6 fxg6 13. Bc4 Nxd4 14. cxd4 Qb6 15.
Qb3 Qxb3 16. Bxb3 Bd7 17. Rae1 h6 18. Bxf6 Bxf6 19. e5 dxe5 20. Ne4 Bg7 21.
Rxf8+ Kxf8 22. Nc5 Ke7 23. dxe5 Bc8 24. Bc2 g5 25. Bd3 b6 26. Na4 Rb8 27. b3 a5
28. Bb5 Bd7 29. Bxd7 Kxd7 30. Kf2 Kc6 31. Kf3 h5 32. Ke4 Rf8 33. g3 Rf5 34. Kd4
Rf2 35. Rc1+ Kb7 36. Nc3 Bf8 37. Ne4 Rxa2 38. Rf1 Bb4 39. Nxg5 Rxh2 40. Nxe6
Rg2 41. Rf7+ Kc6 42. Rg7 Be1 43. Kc4 b5+ 44. Kd4 Rxg3 45. Nd8+ Kb6 46. Rb7+ Ka6
47. e6 Bb4 48. Rd7 Rxb3 49. Nc6 Rb1 50. e7 Bxe7 51. Rxe7 Kb6 52. Ne5 a4 53.
Re6+ Kc7 54. Kc5 Rc1+ 55. Kxb5 a3 56. Ra6 Rc3 57. Nc4 Kd7 58. Nxa3 Ke7 59. Nc4
Rg3 60. Kc5 h4 61. Rh6 h3 62. Ne5 Kf8 63. Kd5 Kg7 64. Rh4 Kf6 65. Ke4 Ra3 66.
Rh6+ Ke7 67. Kf4 Ra1 68. Ng6+ Kd7 69. Rxh3 Re1 70. Ne5+ Kd6 71. Rd3+ Kc7
1/2-1/2